000 01639nam a2200265 i 4500
003 DO-SdBNP
005 20231201084250.0
007 ta
008 110413s2001 dr 000 j spa d
040 _aDO-SdBNP
_bspa
_cBNPHU
_erda
082 _bM425
_222
100 _983333
245 1 0 _aMatemática :
_b4to. nivel medio
264 1 _aSanto Domingo :
_bSusaeta,
_c2001.
300 _a301 páginas
_c28 cm.
336 _2rdacontent
_atexto
_btxt
337 _2rdamedia
_asin mediación
_bn
338 _2rdacarrier
_avolumen
_bnc
520 _aEl presente estudio tiene como objeto de investigación y análisis jurídico un fenómeno altamente controversial que ocurre de manera preocupante habitual en la cotidianidad de la industria musical y los medios de radiodifusión sonora: la payola. El autor demuestra que este fenómeno no levita libremente sobre las normas, exento de violaciones o repercusiones jurídicas. La payola es una práctica abiertamente antijurídica, violatoria de derechos individuales y colectivos positivizados en nuestro ordenamiento jurídico y, además, clasificables en tres grupos: derecho cultural, derecho patrimonial de comunicación pública del autor y derecho de las competencias. Payola, Derechos e industria musical es un estudio que destaca por su enjundia y por el rigor científico con que su autor asume la tarea bien lograda y desde perspectivas distintas, de conjurar los mitos y la irresponsabilidad anecdótica y maniquea urdidos tradicionalmente alrededor del tema.
590 _aInventariado, 2023/ DG
700 _984653
700 _984654
910 _aDG
942 _2ddc
_cLBS1
999 _c55628
_d55628